Brunner and Suddarth's textbook of medical-surgical nursing. (Record no. 2575)

MARC details
000 -LEADER
fixed length control field 00706pam a2200241 a 4500
008 - FIXED-LENGTH DATA ELEMENTS--GENERAL INFORMATION
fixed length control field 950404s1996 paua b 001 0 eng c
020 ## - INTERNATIONAL STANDARD BOOK NUMBER
ISBN 0397550731
245 00 - TITLE STATEMENT
Title Brunner and Suddarth's textbook of medical-surgical nursing.
250 ## - EDITION STATEMENT
Edition statement 8th ed./
260 ## - PUBLICATION, DISTRIBUTION, ETC. (IMPRINT)
Place of publication Philadelphia :
Name of publisher J.B. Lippincott,
Date of publication c1996.
300 ## - COLLATION
Pagination xxxi, 2066, 78 p. :
Other physical details ill. (some col.) ;
650 #0 - TRACINGS
Main Subject Nursing.
650 #0 - TRACINGS
Main Subject Surgical nursing.
650 12 - TRACINGS
Main Subject Nursing Care.
650 22 - TRACINGS
Main Subject Surgical Nursing.
700 1# - ADDITIONAL AUTHOR
Additional Author Brunner, Lillian Sholtis.
700 1# - ADDITIONAL AUTHOR
Additional Author Suddarth, Doris Smith.
700 1# - ADDITIONAL AUTHOR
Additional Author Smeltzer, Suzanne C. O'Connell.
700 1# - ADDITIONAL AUTHOR
Additional Author Bare, Brenda G.
942 ## - ADDED ENTRY ELEMENTS (KOHA)
Item type Books
050 00 - LIBRARY OF CONGRESS CALL NUMBER
Classification number RT41
Item number .T46 1996
082 00 - DEWEY DECIMAL CLASSIFICATION NUMBER
Classification number 610.73
Holdings
Source of classification or shelving scheme Not for loan Permanent location Current location Date acquired Accession No. Full call number Barcode. Koha item type
Library of Congress Classification   Medical Library Medical Library 03/21/2025 2007/243 RT41.T46 2025-0857 Books